000 00389nam a2200145Ia 4500
008 100122s9999 xx 000 0 und d
082 _b23007
_a823
100 _aशेळके उध्दव ज
245 _aसाहेब
260 _bपुष्पक प्रकाशन
_c1975
300 _a488
630 _aसाहेब
730 _aसाहेब
942 _cBOOK
999 _c410639
_d410636